00801 2200193 4500001002100000005001500021008004100036020001500077035001900092041000800111082001000119084001600129100001300145245005400158260004100212300003200253520030400285650001800589INLIS00000000000768520200508204055200508||||||||| | ||| |||| ||eng|| a0471779881 0010-0520007685 aeng0 a004.6 a004.6/GEI/G0 aJ. Geier00aGeeks on Call Wireless Networking: 5-Minute Fixes aIndianapolisbWiley Publishingc2006 ax, 175 p.b: ill. ;c23 cm. aKnow what you need before you buy. Set up and connect your network. Install and configure wireless components. Protect your wireless network Make the most of network features. Add printers, video game adapters, and digital media players. Maintain and troubleshoot your network Solve common problems. 0aWireless LANs